000 00957nam a2200289 i 4500
001 000016220
003 DO-SdBNP
005 20240305135903.0
007 ta
008 100301s2007 dr 000 p spa d
020 _a9789945068276
040 _aDO-SdBNP
_bspa
_cBNPHU
_erda
082 4 _aRD861.44
_bM244e
_222
100 1 _aMaldonado del Rosario, José,
_d1954-
_936271
245 1 0 _aEntre escarcha y elegías y otros poemas /
_cJosé Maldonado del Rosario.
264 _aSanto Domingo :
_bSantuario,
_c2007.
300 _a100 páginas ;
_c22 cm.
336 _2336. 2) rdacontent
_atexto
_btxt
337 _2rdamedia
_asin mediación
_bn
338 _2rdacarrier
_avolumen
_bnc
500 _aIncluye datos biográficos del autor en la solapa de la cubierta.
590 _aInventariado, 2023/MFF
650 4 _aPoesía dominicana
_966
650 4 _aLiteratura domincana
_925681
910 _aValidado. Control de calidad MFF
942 _2ddc
_cLBS1
999 _c15758
_d15758